<?xml version="1.0" encoding="UTF-8"?><?xml-stylesheet type="text/xsl" href="static/style.xsl"?><OAI-PMH xmlns="http://www.openarchives.org/OAI/2.0/" xmlns:xsi="http://www.w3.org/2001/XMLSchema-instance" xsi:schemaLocation="http://www.openarchives.org/OAI/2.0/ http://www.openarchives.org/OAI/2.0/OAI-PMH.xsd"><responseDate>2026-06-29T07:51:17Z</responseDate><request verb="GetRecord" identifier="oai:docta.ucm.es:20.500.14352/125777" metadataPrefix="marc">https://docta.ucm.es/rest/oai/request</request><GetRecord><record><header><identifier>oai:docta.ucm.es:20.500.14352/125777</identifier><datestamp>2025-11-06T00:45:38Z</datestamp><setSpec>com_20.500.14352_14</setSpec><setSpec>col_20.500.14352_15</setSpec></header><metadata><record xmlns="http://www.loc.gov/MARC21/slim" xmlns:dcterms="http://purl.org/dc/terms/" xmlns:xsi="http://www.w3.org/2001/XMLSchema-instance" xmlns:doc="http://www.lyncode.com/xoai" xsi:schemaLocation="http://www.loc.gov/MARC21/slim http://www.loc.gov/standards/marcxml/schema/MARC21slim.xsd">
   <leader>00925njm 22002777a 4500</leader>
   <datafield ind2=" " ind1=" " tag="042">
      <subfield code="a">dc</subfield>
   </datafield>
   <datafield ind2=" " ind1=" " tag="720">
      <subfield code="a">García Sánchez, Jorge</subfield>
      <subfield code="e">author</subfield>
   </datafield>
   <datafield ind2=" " ind1=" " tag="260">
      <subfield code="c">2023-06-16</subfield>
   </datafield>
   <datafield ind2=" " ind1=" " tag="520">
      <subfield code="a">En este artículo se ahonda la producción fotográfica y cinematográfica resultante de las excavaciones y exploraciones del arqueólogo diletante Byron Khun de Prorok en Túnez y el desierto argelino. Interesado en seducir al público con sus empresas, Prorok fue paulatinamente rebajando los estándares de veracidad en sus escritos y las imágenes que los ilustraban. Estas, así como las escenas de sus películas, respondían además a convencionalismos y prejuicios propios de la arqueología colonial, los cuales se alinean con el orientalismo imperantes en la época; manifiestan igualmente cómo la divulgación de la ciencia arqueológica ejercía de vehículo difusor de la acción colonial francesa en el norte de África.</subfield>
   </datafield>
   <datafield ind1="8" ind2=" " tag="024">
      <subfield code="a">Jorge García Sánchez, “Colonialismo e imagen en las expediciones arqueológicas en el África francesa (1922-1925)”, Hispania Nova, 22 (2024): 365 a 395. DOI: https://doi.org/10.20318/hn.2023.8040</subfield>
   </datafield>
   <datafield ind1="8" ind2=" " tag="024">
      <subfield code="a">1138-7319</subfield>
   </datafield>
   <datafield ind1="8" ind2=" " tag="024">
      <subfield code="a">http://orcid.org/0000-0002-2451-6920</subfield>
   </datafield>
   <datafield ind1="8" ind2=" " tag="024">
      <subfield code="a">https://hdl.handle.net/20.500.14352/125777</subfield>
   </datafield>
   <datafield ind1="8" ind2=" " tag="024">
      <subfield code="a">https://e-revistas.uc3m.es/index.php/HISPNOV/article/view/8040</subfield>
   </datafield>
   <datafield ind2="0" ind1="0" tag="245">
      <subfield code="a">Colonialismo e imagen en las expediciones arqueológicas en el África francesa (1922-1925)</subfield>
   </datafield>
</record></metadata></record></GetRecord></OAI-PMH>